00665nam a2200193 i 450000100060000000300090000600500170001500700030003200800410003524500850007625000230016126000350018430000300021965000270024970000340027685200220031099900170033295201220034976611ES-MaACL20250725062535.0t|041004s1972 sp a |||| | spa d00aGuía del profesor de física / c[traducida y adaptada por J. Aguilar Peris]. aEd. internacional. aBarcelona : bReverti, c1972. a105 p. : bil. ; c22 cm.07aFísica2embne9128771 aAguilar Peris, José.918743 aES-MaACLjC-47339 c76611d76611 00104070aATENEOMbATENEOMcDEPO2d2008-01-17eSCl0oC-47339p1080166r2023-02-23 00:00:00w2023-02-23yMONOGRAFIA